00205nam a2200085Ia 4500008004100000100001800041245002400059260002700083300000900110190216s9999||||xx |||||||||||||| ||und|| aSrinivasa Rao 0aClassical Mechanics bUniversity Pressc2003 a346p